000 00795nam a2200253Ia 4500
003 OSt
005 20220923220736.0
006 a|||||r|||| 00| 0
007 ta
008 220922b |||||||| |||| 00| 0 hin d
024 _a189,841
037 _cTextual
040 _aARTS
_cARTS
_bhin
041 _2hin
_ahin
082 _aO152,2N41,MA, M6
100 _aमदान, अमृत लाल
_9157452
245 0 _aमानुष अमानुष
246 _aMānuṣh amānuṣha
260 _aदिल्ली
_b दिशा प्रकाशन
_c1986
300 _a82पृ.
_ccm.
650 _aहिन्दी साहित्य
_9156264
942 _hO152,2N41,MA, M6
_cTEXL
_2CC
999 _c342668
_d342668